ՀՀ Գիտությունների ազգային ակադեմիայի հիմնարար գիտական գրադարան  =   Fundamental Scientific Library of NAS RA

Հայաստանի պատմություն : (Record no. 9798)

MARC details
000 -LEADER
fixed length control field 01075nam a2200241 a 4500
001 - CONTROL NUMBER
control field 000024284
003 - CONTROL NUMBER IDENTIFIER
control field AM-YEHGA
005 - DATE AND TIME OF LATEST TRANSACTION
control field 20250618070849.0
008 - FIXED-LENGTH DATA ELEMENTS--GENERAL INFORMATION
fixed length control field 970514s1972 ai ||||gr|||||||||0|arm|d
040 ## - CATALOGING SOURCE
Original cataloging agency AM-YeHGA
041 1# - LANGUAGE CODE
Language code of text/sound track or separate title arm
Language code of original fre
090 ## - LOCALLY ASSIGNED LC-TYPE CALL NUMBER (OCLC); LOCAL CALL NUMBER (RLIN)
-- 9865
100 1# - MAIN ENTRY--PERSONAL NAME
Personal name Ադոնց, Նիկողայոս Գևորգի,
Dates associated with a name 1871-1942
9 (RLIN) 9379
245 10 - TITLE STATEMENT
Title Հայաստանի պատմություն :
Remainder of title Ակունքները X-VI դդ. մ.թ.ա. : Հայերի ծագումը : Հոդվածներ /
Statement of responsibility, etc. Ն.Գ. Ադոնց ; Ֆրանս. թարգմ.՝ Վ. Պ. Սեղբոսյանը ; Խմբ.՝ Գ.Խ. Սարգսյան.
260 ## - PUBLICATION, DISTRIBUTION, ETC.
Place of publication, distribution, etc. Երևան :
Name of publisher, distributor, etc. Հայաստան,
Date of publication, distribution, etc. 1972.
300 ## - PHYSICAL DESCRIPTION
Extent 429 էջ :
Other physical details դիմանկ. ;
Dimensions 22 սմ.
504 ## - BIBLIOGRAPHY, ETC. NOTE
Bibliography, etc. note Տողատակի ծանոթագր.
504 ## - BIBLIOGRAPHY, ETC. NOTE
Bibliography, etc. note Անձնանուների և տեղանունների ցանկ, էջ՝ 397-428
650 10 - SUBJECT ADDED ENTRY--TOPICAL TERM
Topical term or geographic name entry element Հայոց պատմություն
700 1# - ADDED ENTRY--PERSONAL NAME
Personal name Սարգսյան, Գագիկ Խորենի,
Dates associated with a name 1926-1998
Relator term խմբ.
Relationship edt
9 (RLIN) 1057
700 1# - ADDED ENTRY--PERSONAL NAME
Personal name Սեղբոսյան, Վ.Պ.
Relator term թարգմ.
Relationship trl
942 ## - ADDED ENTRY ELEMENTS (KOHA)
Source of classification or shelving scheme Universal Decimal Classification
Koha item type Գրքեր / Books
Holdings
Withdrawn status Lost status Damaged status Not for loan Collection Home library Current library Date acquired Total checkouts Full call number Barcode Date last seen Price effective from Koha item type Public note Source of classification or shelving scheme
        General Fundamental Scientific Library Fundamental Scientific Library 21/12/2016   AII/49209 220049209 21/12/2016 21/12/2016 Գրքեր / Books 30 Days Loan  
        General Fundamental Scientific Library Fundamental Scientific Library 21/12/2016   AII/49210 220049210 21/12/2016 21/12/2016 Գրքեր / Books 30 Days Loan  
        General Fundamental Scientific Library Fundamental Scientific Library 21/12/2016   AII/49211 220049211 21/12/2016 21/12/2016 Գրքեր / Books 30 Days Loan  
        General Fundamental Scientific Library Fundamental Scientific Library 21/12/2016   AII/49212 220049212 21/12/2016 21/12/2016 Գրքեր / Books 30 Days Loan  
        General Fundamental Scientific Library Fundamental Scientific Library 21/12/2016   AII/86923 FL0065724 21/12/2016 21/12/2016 Գրքեր / Books 30 Days Loan  
        Jahukyan Individual Collection Fundamental Scientific Library Fundamental Scientific Library 04/08/2022   Djauk/3312 906003312 21/12/2016 21/12/2016 Գրքեր / Books ILL Non-Circ. Universal Decimal Classification


ՀՀ ԳԱԱ հիմնարար գիտական գրադարան
ՀՀ,Երևան 0019
Մարշալ Բաղրամյան 24/6
հեռախոս:(374-10) 52-47-50
Հետադարձ կապ

All site content, except where otherwise noted, is licensed under a
Creative Commons License